Humanismo e Ilustración en los orígenes del pensamiento cubano : (Record no. 181498)

MARC details
000 -LEADER
campo de control de longitud fija 01343nam a2200325 i 4500
001 - NÚMERO DE CONTROL
campo de control 181498
003 - IDENTIFICADOR DE NÚMERO DE CONTROL
campo de control ES-MaACL
005 - FECHA Y HORA DE LA ÚLTIMA TRANSACCIÓN
campo de control 20250803000106.0
008 - DATOS DE LONGITUD FIJA--INFORMACIÓN GENERAL
campo de control de longitud fija 130123s2011 sp a | |||||||| | spa d
020 ## - NÚMERO INTERNACIONAL ESTÁNDAR DEL LIBRO
Número Internacional Estándar del Libro 978-84-936171-8-9
080 ## - NÚMERO DE LA CLASIFICACIÓN DECIMAL UNIVERSAL
Número de la Clasificación Decimal Universal 1 Vives, Juan Luis
080 ## - NÚMERO DE LA CLASIFICACIÓN DECIMAL UNIVERSAL
Número de la Clasificación Decimal Universal 1 Mayáns y Siscar, Gregorio
080 ## - NÚMERO DE LA CLASIFICACIÓN DECIMAL UNIVERSAL
Número de la Clasificación Decimal Universal 008(460)"17"
080 ## - NÚMERO DE LA CLASIFICACIÓN DECIMAL UNIVERSAL
Número de la Clasificación Decimal Universal 008(729.1:460)"17/18"
100 1# - ENTRADA PRINCIPAL--NOMBRE DE PERSONA
Nombre de persona Rodríguez Méndez, Vilda.
9 (RLIN) 152141
245 10 - MENCIÓN DEL TÍTULO
Título Humanismo e Ilustración en los orígenes del pensamiento cubano :
Resto del título un enfoque desde la indagación en el pensamiento de Juan Luis Vives y Gregorio Mayans /
Mención de responsabilidad, etc. Vilda Rodríguez Méndez.
260 ## - PUBLICACIÓN, DISTRIBUCIÓN, ETC.
Lugar de publicación, distribución, etc. Gijón :
Nombre del editor, distribuidor, etc. Fundación Foro Jovellanos del Principado de Asturias,
Fecha de publicación, distribución, etc. 2011.
300 ## - DESCRIPCIÓN FÍSICA
Extensión 295 p. :
Otras características físicas il. ;
Dimensiones 24 cm.
490 1# - MENCIÓN DE SERIE
Mención de serie Cuadernos de investigación. Monografías ;
Designación de volumen o secuencia 9
504 ## - NOTA DE BIBLIOGRAFÍA, ETC.
Nota de bibliografía, etc. Bibliografía: p. [243]-279.
586 8# - NOTA DE PREMIOS
Nota de premios XII Premio Internacional de Investigación, 2010
600 04 - PUNTO DE ACCESO ADICIONAL DE MATERIA--NOMBRE DE PERSONA
Nombre de persona Mayáns y Siscar, Gregorio.
9 (RLIN) 79333
600 14 - PUNTO DE ACCESO ADICIONAL DE MATERIA--NOMBRE DE PERSONA
Nombre de persona Vives Aguilella, Juan Antonio.
9 (RLIN) 140583
650 04 - PUNTO DE ACCESO ADICIONAL DE MATERIA--TÉRMINO DE MATERIA
Término de materia o nombre geográfico como elemento de entrada Ilustración-
Subdivisión geográfica España
9 (RLIN) 13585
651 #4 - PUNTO DE ACCESO ADICIONAL DE MATERIA--NOMBRE GEOGRÁFICO
Nombre geográfico Cuba-
Subdivisión general Civilización-
-- Influencia española.
9 (RLIN) 191482
830 0# - PUNTO DE ACCESO ADICIONAL DE SERIE-TÍTULO UNIFORME
Título uniforme Cuadernos de investigación. Monografías ;
Designación de volumen o secuencia 9
9 (RLIN) 189280
852 ## - LOCALIZACIÓN
Ubicación ES-MaACL
Número de control de estantería N-5571
itemnumber 188399
Sublocalización o colección R.148721
Ubicación en estantería Depósito 1
Signatura antigua Olim: N-5571
942 ## - ELEMENTOS DE ENTRADA SECUNDARIOS (KOHA)
Fuente del sistema de clasificación o colocación Clasificación decimal universal
Tipo de ítem Koha Libro impreso
Holdings
Estatus retirado Estado de pérdida Fuente del sistema de clasificación o colocación Estado de daño No para préstamo Biblioteca de origen Biblioteca actual Ubicación en estantería Fecha de adquisición Fuente de adquisición Total de préstamos Signatura topográfica completa Código de barras Visto por última vez Precio de reemplazo Tipo de ítem Koha
    Clasificación decimal universal     Biblioteca del Ateneo de Madrid Biblioteca del Ateneo de Madrid Depósito 1 23/01/2013 Donación   N-5571 1190738 23/02/2023 23/02/2023 Libro impreso